Diagnosis and management of medical emergencies (Record no. 24403)

MARC details
000 -LEADER
fixed length control field 00354nam a2200133Ia 4500
082 ## - DEWEY DECIMAL CLASSIFICATION NUMBER
Classification number 616-07
Item number VAK
100 ## - MAIN ENTRY--AUTHOR NAME
Personal name Udwadia, Farokh E
245 #0 - TITLE STATEMENT
Title Diagnosis and management of medical emergencies
250 ## - EDITION STATEMENT
Edition statement 2
260 ## - PUBLICATION, DISTRIBUTION, ETC. (IMPRINT)
Place of publication London
Name of publisher Oxford University
Year of publication 1975
700 ## - ADDED ENTRY--PERSONAL NAME
Personal name Vakil, Rustom Jal
942 ## - ADDED ENTRY ELEMENTS (KOHA)
Koha item type Books
Holdings
Withdrawn status Lost status Damaged status Not for loan Home library Current library Date acquired Cost, normal purchase price Full call number Accession Number Koha item type
        RRII Library RRII Library 16/12/2021 49.50 616-07 VAK 05085 Books